Constitution and regulations of the Scottish Branch (Record no. 87991)

MARC details
000 -LEADER
fixed length control field 00626cam a2200193 4500
001 - CONTROL NUMBER
control field ##D15254
008 - FIXED-LENGTH DATA ELEMENTS--GENERAL INFORMATION
fixed length control field 090401t1964 xxu||||| |||| 00| 0 eng d
035 ## - SYSTEM CONTROL NUMBER
System control number (Sirsi) u21495
041 0# - LANGUAGE CODE
Language code of text/sound track or separate title eng
050 04 - LIBRARY OF CONGRESS CALL NUMBER
Classification number 333.0062
110 2# - MAIN ENTRY--CORPORATE NAME
Corporate name or jurisdiction name as entry element Royal Institution of Chartered Surveyors
9 (RLIN) 4900
245 00 - TITLE STATEMENT
Title Constitution and regulations of the Scottish Branch
260 ## - PUBLICATION, DISTRIBUTION, ETC.
Place of publication, distribution, etc. London
Name of publisher, distributor, etc. RICS
Date of publication, distribution, etc. 1964
300 ## - PHYSICAL DESCRIPTION
Extent 14p.
Dimensions 22cm.
520 ## - SUMMARY, ETC.
Summary, etc. Reprinted in 1964, incorporating amendments made in 1961 and 1964.
690 ## - LOCAL SUBJECT ADDED ENTRY--TOPICAL TERM (OCLC, RLIN)
Topical term or geographic name as entry element ABOUT RICS-RICS STRUCTURE AND GOVERNANCE-RICS REGULATIONS-RICS CONDUCT REGULATIONS
942 ## - ADDED ENTRY ELEMENTS (KOHA)
Suppress in OPAC 0
948 ## - LOCAL PROCESSING INFORMATION (OCLC); SERIES PART DESIGNATOR (RLIN)
c (OCLC) 04/03/1997
Holdings
Withdrawn status Lost status Source of classification or shelving scheme Damaged status Not for loan Home library Current library Shelving location Date acquired Total Checkouts Full call number Barcode Date last seen Copy number Price effective from Koha item type
    Other/Generic Classification Scheme     London London RICS Boxes 14/09/1999   RICS 1964/4 30022531 06/08/2019 1 06/08/2019 Reference material
    Other/Generic Classification Scheme     London London RICS Boxes 19/08/1991   RICS 1964/4 30023061 06/08/2019 2 06/08/2019 Reference material
    Other/Generic Classification Scheme     London London RICS Boxes 31/05/2006   RICS 1964/4 21495-2003 06/08/2019 3 06/08/2019 Reference material
    Other/Generic Classification Scheme     London London RICS Boxes 31/05/2006   RICS 1964/4 21495-2004 06/08/2019 4 06/08/2019 Reference material
    Other/Generic Classification Scheme     London London RICS Boxes 31/05/2006   RICS 1964/4 21495-2005 06/08/2019 5 06/08/2019 Reference material